Restauración del Retablo de Rubió : la actuación de la Comisión Provincial de Monumentos / la actuación de la Comisión Provincial de Monumentos /
Descripción Física:
Il·lustracions
Colección:
San Jorge,
; núm. 7 (juliol 1952), pàg. 17-20
Materias:
Barcelona (Catalunya : Província). -- Comissió Provincial de Monuments
; Retaules gòtics -- Conservació i restauració
; Retaule de Santa Maria de Rubió
Idioma:
Español
MARC
| LEADER | 00000naa a2200000 a 4500 | ||
|---|---|---|---|
| 003 | Arxiu | ||
| 005 | 20260324181036.0 | ||
| 008 | 160829s1952 spcaxx s spa c | ||
| 040 | |a agdb | ||
| 100 | 1 | |a Martinell, Cèsar, |9 26013 |d 1888-1973 | |
| 245 | 1 | 0 | |a Restauración del Retablo de Rubió : |b la actuación de la Comisión Provincial de Monumentos / |c por César Marinell |
| 246 | 3 | 3 | |a Actuación de la Comisión Provincial de Monumentos |
| 300 | |b Il·lustracions | ||
| 490 | |a San Jorge, |v núm. 7 (juliol 1952), pàg. 17-20 | ||
| 610 | 1 | 0 | |a Barcelona (Catalunya : Província). |b Comissió Provincial de Monuments |9 54849 |
| 650 | |a Retaules gòtics |x Conservació i restauració |9 30350 | ||
| 650 | 0 | |a Retaule de Santa Maria de Rubió |9 30351 | |
| 773 | |g Núm. 7 (juliol 1952), pàg. 17-20 |t San Jorge. | ||
| 901 | |a Arxiu | ||
| 942 | |n 1 |2 udc |c ART | ||
| 952 | |0 0 |1 0 |4 0 |7 1 |9 64243 |a Arxiu |b Arxiu |d 2022-11-21 |o Rev-508 |r 2022-11-21 00:00:00 |w 2022-11-21 |y ARXIU |z També disponible a Rev-521 | ||
| 999 | |c 48477 |d 48477 | ||